Central Library OPAC University of Rajshahi

The sculpture of Donatello / (Record no. 19541)

MARC details
000 -LEADER
fixed length control field 00966nam a22002771 4500
001 - CONTROL NUMBER
control field 19541
003 - CONTROL NUMBER IDENTIFIER
rucl marc code BD-RjUL
005 - DATE AND TIME OF LATEST TRANSACTION
control field 20211209000439.0
008 - FIXED-LENGTH DATA ELEMENTS--GENERAL INFORMATION
fixed length control field 140224s1963 njuf b 001 0 eng
035 ## - SYSTEM CONTROL NUMBER
System control number (BD-RjUL)19601
System control number (OCoLC)522251
040 ## - CATALOGING SOURCE
Original cataloging agency DLC
Transcribing agency ODaWU
Modifying agency BD-RjUL
Language of cataloging eng
041 ## - LANGUAGE CODE
Language code of text/sound track or separate title eng
082 ## - DEWEY DECIMAL CLASSIFICATION NUMBER
Classification number 730.945
Author mark and year JAS 1963
100 1# - MAIN ENTRY--PERSONAL NAME
Personal name Janson, H. W.
Fuller form of name (Horst Woldemar),
Dates associated with a name 1913-1982.
9 (RLIN) 60037
245 14 - TITLE STATEMENT
Title The sculpture of Donatello /
Statement of responsibility, etc. H W Janson, Incorporating the notes and photos. of Jenö Lányi.
260 ## - PUBLICATION, DISTRIBUTION, ETC. (IMPRINT)
Place of publication, distribution, etc. Princeton ; N.J. :
Name of publisher, distributor, etc. Princeton University Press,
Date of publication, distribution, etc. c1963.
300 ## - PHYSICAL DESCRIPTION
Pagination xix, 260 p. :
Illustrations illus. ;
Size 29 cm.
500 ## - GENERAL NOTE
General note "The complete text of the first edition [1957] but a less lavish pictorial apparatus."
504 ## - BIBLIOGRAPHY, ETC. NOTE
Bibliography, etc Includes bibliographical references and index.
600 00 - SUBJECT ADDED ENTRY--PERSONAL NAME
Personal name Donatello,
Dates associated with a name 1386?-1466.
700 1# - ADDED ENTRY--PERSONAL NAME
Personal name Lányi, Jenö.
942 ## - ADDED ENTRY ELEMENTS (KOHA)
Source of classification or shelving scheme Dewey Decimal Classification
Koha item type Books
Holdings
Lost status Source of classification or shelving scheme Damaged status Not for loan Collection code Permanent Location Current Location Shelving location Date acquired Source of acquisition Cost, normal purchase price Total Checkouts Full call number Date last seen Copy number Koha item type
  Dewey Decimal Classification   Not For Loan Non-fiction Central Library, University of Rajshahi Central Library, University of Rajshahi Reading Room 14/06/1964 Zetlinger 142.60   730.945 JAS 1963 24/02/2014 C-1 Books